00444nam a2200121Ia 4500008004100000245009900041245002000140260000900160650001300169856004800182999001900230952007300249171211s9999 xx 000 0 und d aQuaker Brotherhood: Interracial Activism and the American Friends Service Committee, 1917-1950 cAllan W. Austin c2012 xReligion uhttp://down.ebook777.com/063/0252037049.pdf c350477d350477 001040aCLbCLd2017-12-11l0r2017-12-11 00:00:00w2017-12-11yCBE